Matemáticas 2 : (Registro nro. 214886)

Detalles MARC
000 -CABECERA
campo de control de longitud fija 00916cam a22002777a 4500
003 - IDENTIFICADOR DEL NÚMERO DE CONTROL
campo de control MX-MxUPN
005 - FECHA Y HORA DE LA ÚLTIMA TRANSACCIÓN
campo de control 20260427094952.0
008 - ELEMENTOS DE LONGITUD FIJA--INFORMACIÓN GENERAL
campo de control de longitud fija 260326s2010 mx|a|||dr|||| 000 0 spa d
020 ## - NÚMERO INTERNACIONAL NORMALIZADO PARA LIBROS
Número Internacional Estándar del Libro 9786077616139
040 ## - FUENTE DE LA CATALOGACIÓN
Centro catalogador/agencia de origen MX-MxUPN
Lengua de catalogación spa
041 0# - CÓDIGO DE IDIOMA
Código de lengua del texto/banda sonora o título independiente spa
050 #4 - SIGNATURA TOPOGRÁFICA DE LA BIBLIOTECA DEL CONGRESO
Número de clasificación LB1645 M62
Número de documento/Ítem H476 2010
100 1# - ASIENTO PRINCIPAL--NOMBRE PERSONAL
Nombre de persona Hernández Acosta, Rosa Elisa T.
9 (RLIN) 59374
100 1# - ASIENTO PRINCIPAL--NOMBRE PERSONAL
Nombre de persona Urdapilleta Leyva, Olivia
9 (RLIN) 59375
100 1# - ASIENTO PRINCIPAL--NOMBRE PERSONAL
Nombre de persona Heiblum Robles, Alan
9 (RLIN) 59376
100 1# - ASIENTO PRINCIPAL--NOMBRE PERSONAL
Nombre de persona Velázquez Soto, Reina Enriqueta
9 (RLIN) 59377
245 10 - MENCIÓN DE TÍTULO
Título Matemáticas 2 :
Resto del título secundaria segundo grado
250 ## - MENCIÓN DE EDICIÓN
Mención de edición Primera edición
260 ## - PUBLICACIÓN, DISTRIBUCIÓN, ETC.
Lugar de publicación, distribución, etc. México, D.F. :
Nombre del editor, distribuidor, etc. Terracota,
Fecha de publicación, distribución, etc. 2010
300 ## - DESCRIPCIÓN FÍSICA
Extensión 336 páginas :
Otras características físicas ilustraciones
650 #4 - ASIENTO SECUNDARIO DE MATERIA - TERMINO TEMATICO
Término de materia o nombre geográfico como elemento de entrada Matemáticas
Subdivisión general Estudio y enseñanza (Secundaria)
9 (RLIN) 4860
650 #4 - ASIENTO SECUNDARIO DE MATERIA - TERMINO TEMATICO
Término de materia o nombre geográfico como elemento de entrada Matemáticas
Subdivisión de forma Libros de texto
9 (RLIN) 19875
902 ## - ELEMENTOS DE DATOS B LOCAL, LDB (RLIN)
Creó MarielOrtiz/260326
Modificó VíctorGodínez/270426
942 ## - ELEMENTOS DE PUNTO DE ACCESO ADICIONAL (KOHA)
Fuente del sistema de clasificación o colocación Library of Congress Classification
Tipo de ítem Koha Libro
Existencias
Estado de retiro Estado de pérdida Fuente del sistema de clasificación o colocación Estado dañado No para préstamo Código de colección Localización permanente Ubicación/localización actual Ubicación en estantería Fecha de adquisición Total de préstamos Clasificación Código de barras Fecha visto por última vez Precio válido a partir de Tipo de ítem Koha
    Library of Congress Classification   Disponible (Préstamo en sala) Libros de texto Bib. Gregorio Torres Quintero Bib. Gregorio Torres Quintero Colecciones especiales Planta alta 26/03/2026   LB1645 M62 H476 2010 340918 26/03/2026 26/03/2026 Libro